000 00712nam a22002297a 4500
005 20170124110009.0
010 _aA-945770
020 _c00.00
_a8185873143
035 _aA-945770
037 _bCen Lib/Ret
040 _aDPL
_bEN
082 _a336
_bRAM
100 _aRamachandran, K.S.
_917493
245 _aChallenges of fiscal management /
_bby K. S. Ramachandran
260 _aNew Delhi
_bWestvill Publishing House
_c1996
270 _a47, B-5, Paschim Vihar
_bNew Delhi
_e110063
300 _a119p. :
_c19cm(Hb)
_bill.
500 _aIncludes index
650 _aMonetary policy -- India.
_917494
650 _aIndia -- Economic policy -- 1991.
_910701
942 _2ddc
_cEN
_h336
_mRAM
999 _c126425
_d126425